Statistics for Jeju International Airport (CJU) Airport Destinations

Click here to take the quiz!

General Stats

  • This quiz has been taken 12 times
  • The average score is 22 of 42

Answer Stats

HintAnswer% Correct
Jeju Air, Korean Air, Juneyao Air, Spring AirlinesBeijing
100%
Air Busan, Jeju Air, Jin Air, Korean AirBusan
100%
HK Express, Jeju AirHong Kong
100%
Air Busan, Asiana Airlines, Air Seoul, Eastar Air, Hi Air, Jeju Air, Jin Air, Korean Air, T'way AirSeoul
100%
TigerAir Taiwan, T'way AirTaipei
100%
Asiana Airlines, Jeju Air, Jin Air, Korean Air, T'way AirDaegu
91%
China Eastern Airlines, Jin Air, Juneyao Air, Spring Airlines,Shanghai
91%
Spring Airlines, Tianjin AirlinesTianjin
91%
Beijing Capital Airlines, Loong Air, Spring AirlinesHangzhou
82%
Juneyao Air, Spring AirlinesNanjing
82%
Jin AirXi'an
73%
Jeju AirMacau
64%
Royal Air PhilippinesManila
64%
T'way AirOsaka
64%
Jeju AirFukuoka
55%
Asiana Airlines, Jeju Air, Jin Air, Korean Air, T'way AirGwangju
55%
China Southern AirlinesHarbin
55%
Lucky AirKunming
55%
Hi AirMuan
55%
Hunnu AirUlaanbaatar
55%
Jeju Air, Jin AirBangkok
45%
Aero K, Asiana Airlines, Eastar Jet, Jeju Air, Jin Air, Korean Air, T'way AirCheongju
45%
China Southern AirlinesDalian
45%
T'way AirNagoya
45%
Hi AirUlsan
45%
XiamenAirFuzhou
36%
Jeju AirJinan
36%
Loong Air, Spring AirlinesNingbo
36%
Asiana Airlines, Jin Air, Korean AirYeosu
36%
West AirZhengzhou
36%
Jin AirPohang
27%
Hi AirSacheon
27%
Jin AirWonju
27%
Fly GangwonYangyang
27%
T'way AirDa Nang
18%
Jin AirGunsan
18%
Eastar Jet, Jin AirGunsan
18%
T'way AirHiroshima
18%
Donghai AirlinesNantong
18%
Spring AirlinesShijiazhuang
9%
Spring AirlinesYangzhou
9%
T'way AirKota Kinabalu
0%

Score Distribution

Percentile by Number Answered

Percent of People with Each Score

Your Score History

You have not taken this quiz